ISLAM : Science and technology

Bibliographic Details
Corporate Author: Institut Kefahaman Islam Malaysia (IKIM)
Other Authors: Abu Bakar Abdul Majeed, Anuar Ab Razak
Format: Book
Published: Kuala Lumpur : Institut Kefahaman Islam Malaysia , 1997
Subjects:

MARC

LEADER 00000cam a2200000 7i4500
001 0000000587
005 20000909.0
020 0 0 |a 983909937X 
090 0 0 |a 297.1975   |b ISL 1997 
245 0 0 |a ISLAM :   |b Science and technology   |c edited by Anuar Ab Razak, Abu Bakar Abdul Majeed 
260 0 0 |a Kuala Lumpur :   |b Institut Kefahaman Islam Malaysia ,   |c 1997 
300 |a ix, 209 p. ;   |c 21 cm. 
500 0 0 |a Includes bibliographical references and index 
650 0 0 |a Islam and science 
700 0 1 |a Abu Bakar Abdul Majeed 
700 0 1 |a Anuar Ab Razak 
710 1 1 |a Institut Kefahaman Islam Malaysia (IKIM) 
999 |a 0000001685   |b Monograph   |c Open Shelf   |e Default branch